000
00307ngm a2200133Ia 4500
005
20251221004151.0
008
251220s1900||||xx ||| | || ||spa||
082
_a
190/L95/Ej.3
100
_a
Lubac, Henri de
245
0
_a
El Drama del Humanismo Ateo
250
_a
2a.ed.
264
_a
Encuentro
942
_c
CD
999
_c
477
_d
477